000 00469nam a2200181Ia 4500
001 18980
005 20260306171710.0
008 260306s9999||||xx |||||||||||||| ||und||
041 _aESP
082 _a658.575
_bS759
100 _aSlywotzky, Adrian
_eAUT
245 0 _aDemanda:
_bcrear que las personas desean antes de que sepan qué quieren
260 _c2012
300 _a383 páginas :
_c23 cm.
650 _aGEN
654 _aCAN
942 _cLIB
_dJUS
_fJUS
_2ddc
_n
999 _c18980
_d18980